Házi sörfőzdék Magyarországon
| Main Author: | |
|---|---|
| Other Authors: | |
| Format: | Final Paper |
| Kulcsszavak: | Söripar, magyar Sörfőzés, történet Söripar, 20. század Sörfőzés, kézműves Elemzés |
| Online Access: | http://dolgozattar.uni-bge.hu/59409 |
MARC
| LEADER | 00000nta a2200000 i 4500 | ||
|---|---|---|---|
| 001 | dolg59409 | ||
| 005 | 20260115085400.0 | ||
| 008 | 260115suuuu hu o 000 hun d | ||
| 040 | |a BGE Dolgozattár Repozitórium |b hun | ||
| 041 | |a hu | ||
| 100 | 1 | |a Ujvári Barbara | |
| 245 | 1 | 0 | |a Házi sörfőzdék Magyarországon |c Ujvári Barbara |h [elektronikus dokumentum] |
| 516 | |a Final_paper | ||
| 695 | |a Söripar, magyar | ||
| 695 | |a Sörfőzés, történet | ||
| 695 | |a Söripar, 20. század | ||
| 695 | |a Sörfőzés, kézműves | ||
| 695 | |a Elemzés | ||
| 700 | 1 | |a Magyarné Horváth Dr. Kinga |e ths | |
| 856 | 4 | 0 | |u http://dolgozattar.uni-bge.hu/59409/1/Ujvari-Barbara.pdf |z Dokumentum-elérés |